000 00523nam a2200169 i 4500
001 65173
003 ES-MaACL
007 t|
008 040109q1918 fr ||||1| fre d
100 1 _aFraser, John Foster.
_952378
245 1 2 _aL'Amerique au travail /
_cJohn Foster Fraser ; traduit de l'anglais par Maurice Saville.
250 _a16eme ed.
260 _aParis :
_bPierre Roger,
_c[1918?] (
_eParis :
_fPh. Renouard)
300 _a244 p. ;
_c21 cm.
700 1 _aSaville, Maurice.
_9104071
852 _aES-MaACL
_jB-3975
999 _c65173
_d65173